| 000 | 00610nam a22002297a 4500 | ||
|---|---|---|---|
| 003 | UA-OsUOA | ||
| 001 | 39997 | ||
| 007 | ta | ||
| 008 | 20060710b un ||||| |||| 00| 0 ukr d | ||
| 100 | _aМуравьев А. Н. | ||
| 090 |
_a297 _bМ91 |
||
| 942 | _cBK | ||
| 040 |
_aUA-OsUOA _brus _cUA-OsUOA _dUA-OsUOA |
||
| 245 |
_aПисьма о магометанстве _bрепринтное издание с 1848 г. |
||
| 300 | _a159 с. | ||
| 955 | _a2 | ||
| 041 | _arus | ||
| 080 | _a297 | ||
| 260 |
_aСПб _c2004 |
||
| 650 | 7 |
_a29 Нехристиянські релігії _2UDC |
|
| 999 |
_c326141 _d326141 |
||